Les stages de Tekken - Statistiques

Statistiques générales
  • Ce quiz a été pris 23 fois
    5 depuis la dernière actualisation
  • Le résultat moyen est 20 sur 208
Statistiques - réponses
Jeux Stages % Correct
Tekken 4 | Tekken 7 | Tekken 8 | Tekken Tag Tournament 2 Arena
40%
Tekken 8 Arena (Underground)
40%
Tekken 2 | Tekken 4 Beach
40%
Tekken 7 Duomo di Sirio
40%
Tekken Tag Tournament Eddy-A
40%
Tekken Tag Tournament Eddy-B
40%
Tekken 6 Electric Fountain
40%
Tekken Fiji
40%
Tekken 3 Forest
40%
Tekken Tag Tournament Heihachi
40%
Tekken Tag Tournament Hwoarang
40%
Tekken 7 Infinite Azure
40%
Tekken 7 Infinite Azure 2
40%
Tekken Tag Tournament Jin-A
40%
Tekken Tag Tournament Jin-B
40%
Tekken 4 Jungle
40%
Tekken Tag Tournament King
40%
Tekken Tag Tournament Law-A
40%
Tekken Tag Tournament Law-B
40%
Tekken Tag Tournament Lei
40%
Tekken 4 Mall
40%
Tekken 7 Mishima Dojo
40%
Tekken 5 | Tekken Tag Tournament 2 Moonlit Wilderness
40%
Tekken Tag Tournament Nina-A
40%
Tekken Tag Tournament Nina-B
40%
Tekken Tag Tournament Ogre
40%
Tekken Tag Tournament Paul
40%
Tekken Tag Tournament School-A
40%
Tekken Tag Tournament School-B
40%
Tekken Stadium
40%
Tekken Tag Tournament Unknown
40%
Tekken Tag Tournament Xiaoyu
40%
Tekken Tag Tournament Yoshimitsu-A
40%
Tekken Tag Tournament Yoshimitsu-B
40%
Tekken 4 Airport
20%
Tekken Angkor Wat
20%
Tekken 5 Burning Temple
20%
Tekken 5 Cathedral
20%
Tekken Chicago
20%
Tekken 5 | Tekken 7 Dragon's Nest
20%
Tekken 5 Final Stage
20%
Tekken 5 : Dark Resurrection Heaven's Gate
20%
Tekken 5 Hell's Gate
20%
Tekken 4 Hon-Maru
20%
Tekken 7 Jungle Outpost
20%
Tekken 7 Jungle Outpost 2
20%
Tekken King George Island
20%
Tekken 4 Laboratory
20%
Tekken 2 Morning Fields
20%
Tekken 8 Phoenix Gate
20%
Tekken 5 Poolside
20%
Tekken 4 Shinjuku
20%
Tekken 4 Statue
20%
Tekken 4 Underground
20%
Tekken Venezia
20%
Tekken 7 Abandoned Temple
0%
Tekken 5 Acid Rain
0%
Tekken Acropolis
0%
Tekken 2 Akihabara
0%
Tekken 5 : Dark Resurrection All Hallow's Eve
0%
Tekken 6 Anger of the Earth
0%
Tekken Tag Tournament 2 Arctic Dream
0%
Tekken 7 Arctic Snowfall
0%
Tekken 2 Arizona Desert
0%
Tekken 2 Athens
0%
Tekken 5 : Dark Resurrection Aurora Australis
0%
Tekken 5 : Dark Resurrection Autumn Temple
0%
Tekken 6 Azazel's Chamber
0%
Tekken 3 Beach Island
0%
Tekken Tag Tournament 2 Bountiful Sea
0%
Tekken 7 Brimstone & Fire
0%
Tekken 4 Building
0%
Tekken 2 Cambodian Wetlands
0%
Tekken 3 Carnival
0%
Tekken 7 Cave of Enlightenment
0%
Tekken 8 Celebration on The Seine
0%
Tekken 6 Cemetery
0%
Tekken 6 Central Tower
0%
Tekken 2 Church Sanctuary
0%
Tekken 6 City After Dark
0%
Tekken 5 City at Sunset
0%
Tekken 5 : Dark Resurrection City Lights
0%
Tekken Tag Tournament 2 Coastline Sunset
0%
Tekken 8 Coliseum of Fate
0%
Tekken Tag Tournament 2 Condor Canyon
0%
Tekken 7 Devil's Pit
0%
Tekken Tag Tournament 2 Dusk After The Rain
0%
Tekken 2 Eternal Darkness
0%
Tekken Tag Tournament 2 Eternal Paradise
0%
Tekken Tag Tournament 2 Extravagant Underground
0%
Tekken 6 Fallen Colony
0%
Tekken Tag Tournament 2 Fallen Garden
0%
Tekken 5 : Dark Resurrection Festival
0%
Tekken Tag Tournament 2 Festive Parade
0%
Tekken 6 Fiesta Del Tomate
0%
Tekken 5 Final Frontier
0%
Tekken 5 | Tekken 5 : Dark Resurrection Final Stage 2
0%
Tekken Tag Tournament 2 Fireworks Over Barcelona
0%
Tekken Tag Tournament 2 Fontana Di Trevi
0%
Tekken 7 Forgotten Realm
0%
Tekken 5 : Dark Resurrection Galleon
0%
Tekken 6 Gargoyle's Perch
0%
Tekken 7 G Corp. Helipad
0%
Tekken 8 Genmaji Temple
0%
Tekken 7 Geometric Plane
0%
Tekken 5 : Dark Resurrection Ghetto Pit
0%
Tekken 2 Grand Canyon
0%
Tekken 3 Grassy Land
0%
Tekken 5 : Dark Resurrection Great Plains
0%
Tekken Tag Tournament 2 Hall Of Judgement
0%
Tekken 7 Hammerhead
0%
Tekken Tag Tournament 2 Heavenly Garden
0%
Tekken 6 Hidden Retreat
0%
Tekken 6 High Roller's Club
0%
Tekken 3 High School
0%
Tekken 2 Hills
0%
Tekken Tag Tournament 2 Historic Town Square
0%
Tekken 2 Hong Kong Rooftop
0%
Tekken 3 Hong Kong Street
0%
Tekken 7 Howard Estate
0%
Tekken 5 : Dark Resurrection Industrial Complex
0%
Tekken 5 : Dark Resurrection Inferno
0%
Tekken 7 Island Paradise
0%
Tekken 3 Junky Mansion
0%
Tekken 7 Kinder Gym
0%
Tekken 2 Korean Temple
0%
Tekken Kyoto
0%
Tekken 2 Kyoto at Sunset
0%
Tekken 3 Laboratory Courtyard
0%
Tekken 7 Last Day on Earth
0%
Tekken 2 Launch Pad
0%
Tekken 6 Lightning Storm
0%
Tekken 2 London Ruins
0%
Tekken 6 Manji Valley
0%
Tekken 3 Martial Arts Dojo
0%
Tekken 5 : Dark Resurrection Meteor Shower
0%
Tekken 3 Mexican Temple
0%
Tekken 8 Midnight Siege
0%
Tekken 2 Mirror Darkness
0%
Tekken 7 Mishima Building
0%
Tekken Tag Tournament 2 Moai Excavation
0%
Tekken Tag Tournament 2 Modern Oasis
0%
Tekken Monument Valley
0%
Tekken 6 Mystical Forest
0%
Tekken Tag Tournament 2 Naraku
0%
Tekken 2 New York City
0%
Tekken 6 Noh Theater
0%
Tekken 2 Nowhere Desert
0%
Tekken Tag Tournament 2 Odeum of Illusions
0%
Tekken 3 Ogre's Temple
0%
Tekken 5 : Dark Resurrection Ominous Mist
0%
Tekken 8 Ortiz Farm
0%
Tekken 2 Pagoda Temple
0%
Tekken 4 Parking Area
0%
Tekken 5 Pirate's Cove
0%
Tekken 5 : Dark Resurrection Playroom
0%
Tekken 5 Polar Paradise
0%
Tekken 5 : Dark Resurrection Pool Party
0%
Tekken 7 Precipice of Fate
0%
Tekken 3 Punk Alley
0%
Tekken 8 Rebel Hangar
0%
Tekken Tag Tournament 2 Riverside Promenade
0%
Tekken 6 Rustic Asia
0%
Tekken Tag Tournament 2 Sakura Schoolyard
0%
Tekken 8 Sanctum
0%
Tekken 8 Seaside Resort
0%
Tekken 8 Secluded Training Ground
0%
Tekken 5 Secret Garden
0%
Tekken 2 Serene Forest
0%
Tekken 3 Skyring
0%
Tekken Tag Tournament 2 Snoop Dogg
0%
Tekken 7 Souq
0%
Tekken 5 : Dark Resurrection Space Colony
0%
Tekken Tag Tournament 2 Strategic Space
0%
Tekken Szechwan
0%
Tekken 2 Szechwan Fields
0%
Tekken 3 Taekwondo Dojo
0%
Tekken 2 Taj Mahal
0%
Tekken Tag Tournament 2 Tempest
0%
Tekken 6 Temple Grounds
0%
Tekken 2 The Great Wall
0%
Tekken 3 Tiger Dojo Tokyo
0%
Tekken Tag Tournament 2 Tropical Rainforest
0%
Tekken Tag Tournament 2 Tulip Festival
0%
Tekken 6 Tunnel Disaster
0%
Tekken 7 Twilight Conflict
0%
Tekken 7 Twilight Conflict 2
0%
Tekken 5 Urban Jungle
0%
Tekken 8 Urban Square
0%
Tekken 8 Urban Square (Evening)
0%
Tekken 6 Urban War Zone
0%
Tekken 7 Vermilion Gates
0%
Tekken 7 Violet Systems
0%
Tekken 5 Waterfall
0%
Tekken Tag Tournament 2 Wayang Kulit
0%
Tekken 5 : Dark Resurrection Western Gate
0%
Tekken Windermere
0%
Tekken 5 : Dark Resurrection | Tekken Tag Tournament 2 Winter Palace
0%
Tekken 5 : Dark Resurrection Wolves' Den
0%
Tekken 8 Yakushima
0%
Aucun quiz correspondant
Distribution des résultats
% des personnes avec chaque résultat
Percentile par nombre de réponses
Votre historique - résultats
Vous n’avez pas pris ce quiz depuis la dernière actualisation